Statistics for Famous Star Wars Ships

Click here to take the quiz!

General Stats

  • This quiz has been taken 11 times
  • The average score is 8 of 15

Answer Stats

HintAnswer% Correct
Did the Kessel Run in 12 parsecsMillenium Falcon
86%
Capital ship used by the EmpireStar Destroyer
71%
Fighter used by the EmpireTIE fighter
71%
Rebel FighterX-Wing
71%
Rebel BomberY-Wing
71%
Rebel InterceptorA-Wing
57%
Boba Fetts shipSlave 1
57%
Fighter used by the clonesARC-170
43%
Rebel fighter desgined to engage enemy capital shipsB-Wing
43%
Flagship of the Rebel Alliance NavyHome One
43%
Rebel ground fighter used on HothSnowspeeder
43%
Rebel Blockade Runner used by Princess LeiaTantive IV
43%
Ship that was used by the clones, based off the Mi-24 HindClone Gunship
29%
Transport ship used the Rebel AllianceGR-75 medium transport
14%
Attack shuttle used by the clones during the clone warsNu-class shuttle
14%

Score Distribution

Percentile by Number Answered

Percent of People with Each Score

Your Score History

You have not taken this quiz